00682nam a2200205Ia 4500003000900000008004100009020001800050040001600068080001500084100002100099245010000120250001200220260004800232300001500280650004100295650002400336942000700360999001700367952009200384IN-BaIIA211028s9999 xx 000 0 eng d a0-521-29180-1 cIIA Library a521.9bSMA aSmart, W M91092 2aA textbook on spherical astronomycW. M. Smart  a6th ed. aCambridgebCambridge University Pressc1977 axii, 428p. aAstronomy and Astrophysics Thesaurus aSpherical Astronomy cBK c15576d15576 00104070aBANbLEHcGENd2004-01-03l0o521.9/ SMAp16498r2021-11-05w2004-01-03yBK